| 000 | 00685cam a22001815a 4500 | ||
|---|---|---|---|
| 001 | L156151 | ||
| 008 | 120501s1811 xxk f 000 0 eng d | ||
| 035 | _a(Sirsi) u156151 | ||
| 041 | 0 | _aeng | |
| 100 | 1 |
_aBlore, Thomas _d1764-1818 |
|
| 245 | 0 | 4 | _aThe history and antiquities of the county of Rutland compiled from the works of the most approved historians, national records, and other authentic documents, public and private |
| 260 |
_aStanford _bprinted for the author by R. Newcomb & Son _c1811 |
||
| 300 |
_a[8], 230, [6] p. _c59 cm. |
||
| 583 | 0 |
_aCondition reviewed _c20120620 _lcondition level 2 |
|
| 651 | 4 |
_aEngland _y886- |
|
| 690 |
_aArts and antiques _96217 |
||
| 942 | _n0 | ||
| 999 |
_c114058 _d114058 |
||